000 00609nam a22001577a 4500
999 _c15001
_d15001
008 200204b ||||| |||| 00| 0 eng d
082 _22012
_aUT 1443
_bP27
100 _aPatajo, Ronald S.
_941650
245 _aSecurity and Emergency Preparedness Among Security Personnel of Gaisano Grand Mall in Digos City/
_c Ronald S. Patajo and Julie B. Nietes
260 _aDigos City
_bUMDC
_cMarch 2012
300 _a32 pages
_c30 pages
650 _aCriminal Justice Education
_vCriminology
_xUndergraduate Thesis
_933107
700 _aPatajo, Ronald S.
_941651
700 _aNietes, Julie B.
_941652
942 _2ddc
_cUT